Algunos aspectos economicofinancieros del problema de la vivienda /
Descripción Física:
Plànols
Colección:
San Jorge,
; núm. 9 (gener 1953), pàg 51-56
Idioma:
Español
MARC
| LEADER | 00000naa a2200000 a 4500 | ||
|---|---|---|---|
| 003 | Arxiu | ||
| 005 | 20260324181043.0 | ||
| 008 | 160829s1953 spcaxx s spa c | ||
| 040 | |a agdb | ||
| 100 | |a Bosch Aymerich, Alfonso |9 33684 | ||
| 245 | 1 | 0 | |a Algunos aspectos economicofinancieros del problema de la vivienda / |c por Alfonso Bosch Aymerich |
| 300 | |b Plànols | ||
| 490 | |a San Jorge, |v núm. 9 (gener 1953), pàg 51-56 | ||
| 650 | 0 | |a Habitatge |9 9947 |x Aspectes socials | |
| 650 | 0 | |a Habitatge |9 17152 |x Aspectes econòmics | |
| 650 | 0 | |a Política urbana |9 49061 | |
| 773 | |g Núm. 9 (gener 1953), pàg 51-56 |t San Jorge. | ||
| 901 | |a Arxiu | ||
| 942 | |n 1 |2 udc |c ART | ||
| 952 | |0 0 |1 0 |4 0 |6 REV508 |7 1 |9 64328 |a Arxiu |b Arxiu |d 2022-11-23 |o Rev-508 |r 2022-11-23 00:00:00 |w 2022-11-23 |y ARXIU |z També disponible a Rev-522 | ||
| 999 | |c 49955 |d 49955 | ||